000 00556nam a22001817a 4500
003 UA-OsUOA
001 6910
007 ta
008 20040601b un ||||| |||| 00| 0 ukr d
100 _aБатиргаєва В.
942 _cSA
040 _aUA-OsUOA
_cUA-OsUOA
_dUA-OsUOA
245 _aРозвиток поняття рецидиву злочинів : концептуальний аналіз
300 _aС.158-162
955 _a0
773 0 _w0
_tПраво України
_dКиїв
_d2004
_gN5
650 7 _aКримінальне право
_2UDC
999 _c293071
_d293071